000 00600nam a2200217Ia 4500
003 GCL
008 140319s9999 xx 000 0 eng d
020 _a1857150996
040 _aGCL /
_cGCL
082 0 4 _a813
_bA C
100 1 _aPOE, EDJAR ALLAN
245 1 0 _aTHE COMPLETE STORIES /
_cPOE, EDJAR ALLAN
700 1 _aSEELYE, JOHN
260 _aانجلترا :
_bEVERYMAN'S LIBRARY ،
_c1992
300 _a21 CM ؛
_cXXXV, 955 P
490 _aTHE MILLENNIUM LIBRARY
_v99
650 0 4 _aLITERATURE
650 0 4 _aAMERICAN FICTION
650 0 4 _aAMERICAN FICTIONS - COLLECTIONS
942 _2ddc
_cBK
999 _c6529
_d6529